000 00578nam a2200205 a 4500
001 83303
003 BD-RjUL
005 20240311144113.0
008 240311r19601933enk 000 0 eng d
035 _a(BD-RjUL)83303
040 _aANL
_beng
_cANL
_dBD-RjUL
041 _aeng
082 0 4 _223
_a823.912
_bPOF 1960
100 1 _aPowell, Anthony,
_d1905-
_912209
245 1 0 _aFrom a view to a death /
_cAnthony Powell
260 _aLondon :
_bHeinemann,
_c1933 [reprinted 1960].
300 _a213 p.;
_c19 cm.
650 _aEnglish fiction
_y20th century
_911003
942 _2ddc
_cBK
999 _c83303
_d83303